History Quiz

Random History or Famous Quiz
Score 0/24 Timer 05:00
12 Plays Today
% Correct
Anne Frank
92.6%
Mother Teresa
92.3%
Sacagawea
91.4%
Margaret Thatcher
85.9%
Amelia Earhart
83.9%
Marie Antoinette
81.6%
Queen Victoria
81.2%
Rosa Parks
78.3%
Jane Goodall
76.3%
Joan of Arc
76%
Sandra Day O'Connor
74.7%
Marie Curie
72.7%
% Correct
Eleanor Roosevelt
71.2%
Queen Isabella
70.2%
Sojourner Truth
69.9%
Harriet Tubman
67.9%
Emily Dickinson
66.4%
Florence Nightingale
64.5%
Catherine the Great
59.3%
Queen Elizabeth I
58.6%
Clara Barton
53.7%
Susan B. Anthony
52.4%
Pocahontas
46.5%
Helen Keller
45.5%

You're not logged in!

Compare scores with friends on all Sporcle quizzes.
OR
Log In

Sporcle TV

Today on Sporcle TV


Watch our educational content, quiz creation guides, and fun videos on Sporcle TV.

Show Comments

Extras

Top Quizzes Today


Score Distribution

Paid Content

Your Account Isn't Verified!

In order to create a playlist on Sporcle, you need to verify the email address you used during registration. Go to your Sporcle Settings to finish the process.

Report this User

Report this user for behavior that violates our Community Guidelines.

Details: